| 000 | 00782nam a2200241Ia 4500 | ||
|---|---|---|---|
| 003 | OSt | ||
| 005 | 20220923215642.0 | ||
| 006 | a|||||r|||| 00| 0 | ||
| 007 | ta | ||
| 008 | 220922b |||||||| |||| 00| 0 hin d | ||
| 024 | _a180,592 | ||
| 037 | _cTextual | ||
| 040 |
_aARTS _cARTS _bhin |
||
| 041 |
_2hin _ahin |
||
| 082 | _aO152,1N07w,1, L3.2 | ||
| 100 | _aबच्चन, हरिवंश राय | ||
| 245 | 0 | _aनीड़ का निर्माण फिर | |
| 246 | _aNīड़ kā nirmāṇ fira | ||
| 250 | _aसंस्क0 3 | ||
| 260 |
_aदिल्ली _b राजपाल एण्ड सन्ज _c1973 |
||
| 942 |
_hO152,1N07w,1, L3.2 _cTEXL _2CC |
||
| 999 |
_c333970 _d333970 |
||